000 01560nam a2200445 c 4500
001 53139
003 ES-MaCES
005 20251115040005.0
008 240417s2023 sp 000 | spa d
017 _aM 29129-2023
_bDL
020 _a9788430989218
040 _aES-MaCES
_bspa
_cES-MaCES
100 1 _940994
_aSerrano Acitores, Antonio
245 1 0 _aEconomía digital y regulación europea
_b: mercados y servicios digitales, criptoactivos, gobernanza de datos e IA
_cAntonio Serrano Acitores ; pr. de Pablo de Carvajal González
260 _aMadrid
_bTecnos
_c[2024]
300 _a325 p.
_c23 p.
490 1 _aTecnos legal tech
504 _aBibliografía
541 _cCompra
650 4 _aeconomía colaborativa
_937923
650 4 _anuevas tecnologías
_930788
650 4 _atecnología de la información
_930104
650 4 _acambio tecnológico
_928236
650 4 _ainteligencia artificial
_930166
650 4 _amercado
_927899
650 4 _areforma económica
_929791
650 4 _amercado financiero
_928150
650 4 _areforma monetaria internacional
_928165
650 4 _aUE
_926752
650 4 _amecanismo de control
_929918
650 4 _aprotección de los datos
_929496
650 4 _apolítica comunitaria
_930776
650 4 _aderecho comunitario
_929866
653 1 0 _aSeguridad Social
700 1 _aCarvajal González, Pablo de
_ecol.
_940997
775 0 _tLos Estados de Bienestar en la encrucijada
_w(ES-MaCES)53115
830 0 _aTecnos legal tech
_940998
902 _aLIB Libro
942 _2CES
_cBK
_h0.0.
999 _c53139
_d53139